00266nam a2200109Ia 4500008004100000100001300041245004100054260003000095300000900125942000700134999001500141190216s9999||||xx |||||||||||||| ||und|| aBhar B K 0aCost Accounting Methods And Problems bAcademic Publishersc1977 a780p cBK c4011d4011